Evaluación del material didáctico.

Đã lưu trong:
Chi tiết về thư mục
Tác giả chính: Spencer, Rosa A.P. de (autor)
Định dạng: Sách
Ngôn ngữ:Tiếng Tây Ban Nha
Loạt:(Biblioteca nueva pedagogía ; 13)
Những chủ đề:
Các nhãn: Thêm thẻ
Không có thẻ, Là người đầu tiên thẻ bản ghi này!

MARC

LEADER 00000cam^a2200000uu^4500
001 000478967
005 20250521000000.0
008 050901s1971^^^^^^^^^^^^rd^r^^000^0^spa^d
009 20260310124926.696
035 |a FCE 000021969 
035 |a FCE 000448 
037 |a Acervo ITESO - Biblioteca 
041 |a spa 
082 0 4 |a 371  |b SPEe 
100 |a Spencer, Rosa A.P. de  |e (autor) 
245 1 0 |a Evaluación del material didáctico. 
264 |a Buenos Aires :  |b Libreria del Colegio,  |c 1971. 
300 |a 137 p. 
336 |a texto  |b txt  |2 rdacontenido 
337 |a sin mediación  |b n  |2 rdamedio 
338 |a volumen  |b nc  |2 rdasoporte 
440 0 |a (Biblioteca nueva pedagogía ;  |v 13) 
649 |a XX 
650 |a Material didáctico 
650 |a Evaluación 
910 |a Fondo Centro de Estudios Educativos 
920 |a Impresos - Libros 
930 |a Fondos Especiales 
905 |a 133 
901 |a ALE000448  |b IT2  |c CEE  |u 20250521 
901 |a ALE041962  |b IT2  |c CEE  |u 20250521 
902 |a https://opac.biblio.iteso.mx/vufind/Record/000478967